书目信息 |
| 题名: |
脑与数学
|
|
| 作者: | 迪昂 著 ;周加仙 译 | |
| 分册: | ||
| 出版信息: | 杭州 浙江教育出版社 2022 |
|
| 页数: | 384页 | |
| 开本: | 23cm | |
| 丛书名: | 湛庐 | |
| 单 册: | ||
| 中图分类: | Q983-49 , O1-49 | |
| 科图分类: | ||
| 主题词: | 脑科学--普及读物 , 数学--普及读物 | |
| 电子资源: | ||
| ISBN: | 978-7-5722-3105-6 | |
| 000 | 01190nam0 2200325 450 | |
| 001 | 011750895 | |
| 005 | 20220426134410.0 | |
| 010 | @a978-7-5722-3105-6@dCNY99.90 | |
| 100 | @a20220426d2022 em y0chiy0120 ea | |
| 101 | 1 | @achi@ceng |
| 102 | @aCN@b330000 | |
| 105 | @aa z 000yy | |
| 106 | @ar | |
| 200 | 1 | @a脑与数学@9nao yu shu xue@dThe number sense: how the mind creates mathematics@f(法)斯坦尼斯拉斯·迪昂(Stanislas Dehaene)著@g周加仙等译@zeng |
| 210 | @a杭州@c浙江教育出版社@d2022 | |
| 215 | @a384页@c图,照片@d23cm | |
| 225 | @a湛庐 | |
| 300 | @a湛庐 | |
| 305 | @a作者授权出版 | |
| 330 | @a本书作者以神经科学家的视角,从动物与人类婴儿所具有的算术能力,到人类数学能力的进化历程,再到数学天才的大脑数学认知方式,用丰富且富有创新性的实验,将深奥难懂的数学认知与脑科学知识,以大众看得懂的方式娓娓道来。 | |
| 510 | 1 | @aNumber sense: how the mind creates mathematics@zeng |
| 586 | @a | |
| 606 | 0 | @a脑科学@j普及读物 |
| 606 | 0 | @a数学@j普及读物 |
| 690 | @aQ983-49@v5 | |
| 690 | @aO1-49@v5 | |
| 701 | 0 | @c(法)@a迪昂@9di ang@c(Dehaene, Stanislas)@4著 |
| 702 | 0 | @a周加仙@9zhou jia xian@4译 |
| 801 | 0 | @aCN@c20220429 |
| 905 | @dQ983-49@eD371@f1@sQ983-49/D371@S@Z | |
| 脑与数学=The number sense: how the mind creates mathematics/(法)斯坦尼斯拉斯·迪昂(Stanislas Dehaene)著/周加仙等译.-杭州:浙江教育出版社,2022 |
| 384页:图,照片;23cm.-(湛庐) |
| 湛庐 |
| ISBN 978-7-5722-3105-6:CNY99.90 |
| 本书作者以神经科学家的视角,从动物与人类婴儿所具有的算术能力,到人类数学能力的进化历程,再到数学天才的大脑数学认知方式,用丰富且富有创新性的实验,将深奥难懂的数学认知与脑科学知识,以大众看得懂的方式娓娓道来。 |
| ● |
| 相关链接 |
|
|
|
正题名:脑与数学
索取号:Q983-49/D371
 
预约/预借
| 序号 | 登录号 | 条形码 | 馆藏地/架位号 | 状态 | 备注 |
| 1 | 21618156 | 216181566 | 自科库401/401自科库 38排4列3层/ [索取号:Q983-49/D371] | 在馆 |